MyGZULibrary

Mafanedza / (Record no. 5919)

MARC details
000 -LEADER
fixed length control field 00653cam a22002415a 4500
001 - CONTROL NUMBER
control field 78124
003 - CONTROL NUMBER IDENTIFIER
control field GZU
005 - DATE AND TIME OF LATEST TRANSACTION
control field 20210414101504.0
008 - FIXED-LENGTH DATA ELEMENTS--GENERAL INFORMATION
fixed length control field 950112s1990 sa 000 0 ven
010 ## - LIBRARY OF CONGRESS CONTROL NUMBER
LC control number 95103975
020 ## - INTERNATIONAL STANDARD BOOK NUMBER
International Standard Book Number 1868151565
040 ## - CATALOGING SOURCE
Original cataloging agency DLC
Transcribing agency DLC
050 ## - LIBRARY OF CONGRESS CALL NUMBER
Classification number PL8745 RAM
100 1# - MAIN ENTRY--PERSONAL NAME
Personal name Ramaliba, Tshivhengwa Zacharia.
245 10 - TITLE STATEMENT
Title Mafanedza /
Statement of responsibility, etc. Tshivhengwa Zacharia Ramaliba.
260 ## - PUBLICATION, DISTRIBUTION, ETC.
Place of publication, distribution, etc. Goodwood, Cape :
Name of publisher, distributor, etc. Aktua Press,
Date of publication, distribution, etc. 1990.
300 ## - PHYSICAL DESCRIPTION
Extent 52 p. ;
Dimensions 22 cm.
500 ## - GENERAL NOTE
General note Venda play.
600 ## - SUBJECT ADDED ENTRY--PERSONAL NAME
Source of heading or term Venda Play
906 ## - LOCAL DATA ELEMENT F, LDF (RLIN)
a 0
b ibc
c orignew
d 3
e ncip
f 19
g y-gencatlg
942 ## - ADDED ENTRY ELEMENTS (KOHA)
Source of classification or shelving scheme Library of Congress Classification
Koha item type Books
Classification part 8745
Item part RAM
Call number prefix PL
Holdings
Withdrawn status Lost status Damaged status Not for loan Collection code Home library Current library Date acquired Total Checkouts Full call number Barcode Date last seen Copy number Price effective from Koha item type Source of classification or shelving scheme Shelving location Materials specified (bound volume or other part) Inventory number
        Fiction City Campus Library City Campus Library 04/14/2021   PL8745 RAM 2001 010973 04/14/2021 c.1 04/14/2021 Books        
        Fiction Mashava Campus Library Mashava Campus Library 05/21/2021   PL 8745 RAM 2001 011100 05/21/2021 c.2 05/21/2021 Books Library of Congress Classification General Stacks    
        Fiction Mashava Campus Library Mashava Campus Library 05/21/2021   PL 8745 RAM 2001 4154 05/21/2021 c.3 05/21/2021 Books Library of Congress Classification General Stacks    
        Fiction Mashava Campus Library Mashava Campus Library 09/09/2021   PL 8745 RAM 2001 9167 09/09/2021 C. 4 09/09/2021 Books   General Stacks lcc 4154
        Non-fiction Mashava Campus Library Mashava Campus Library 09/09/2021   PL 8745 RAM 2001 010952 09/09/2021 C. 5 09/09/2021 Books   General Stacks lcc 9160
        Non-fiction Mashava Campus Library Mashava Campus Library 09/09/2021   PL 8745 RAM 2001 9169 09/09/2021 C. 6 09/09/2021 Books   General Stacks lcc 4154
        Non-fiction Mashava Campus Library Mashava Campus Library 09/09/2021   PL 8745 RAM 2001 9168 09/09/2021 C. 7 09/09/2021 Books     lcc 4154